[Event "FRA-ch op-B"]
[Site "Aix les Bains"]
[Date "2003.08.27"]
[Round "8"]
[White "Mahiouz, Oualid"]
[Black "Issert, Camille"]
[Result "0-1"]
[WhiteElo "1680"]
[BlackElo "1871"]
[PlyCount "64"]
[EventDate "2003.08.19"]
[EventType "swiss"]
[EventRounds "9"]
[EventCountry "FRA"]
[SourceTitle "EXT 2004"]
[Source "ChessBase"]
[SourceDate "2003.11.25"]
[SourceVersion "1"]
[SourceVersionDate "2003.11.25"]
[SourceQuality "1"]

1. e4 c5 2. Nc3 e6 3. f4 d5 4. e5 Nc6 5. Nf3 Be7 6. d4 f6 7. Bb5 a6 8. Bxc6+ bxc6 9. Be3 cxd4 10. Nxd4 c5 11. Nc6 Qc7 12. Nxe7 Nxe7 13. exf6 gxf6 14. Qh5+ Ng6 15. Ne2 d4 16. Bd2 Bb7 17. Rg1 0-0-0 18. Qh3 Kb8 19. Qxe6 Rde8 20. Qg4 f5 21. Qg3 Qe7 22. Qd3 Qe6 23. g3 c4 24. 0-0-0 cxd3 25. Nxd4 Qxa2 26. Nb3 dxc2 27. Kxc2 Be4+ 28. Kc3 Qa4 29. Be3 Rc8+ 30. Bc5 Bc2 31. Kxc2 Rxc5+ 32. Kb1 Qxb3 0-1